000 01108 a2200217 4500
005 20080916123054.0
008 080916t xxu||||| |||| 00| 0 hin d
010 _aHIN-80905
020 _c200.00
035 _aHN-53251
037 _bD.B.Act / pub
082 _a821.08
245 _aहिन्दी कविताःआजादी के बाद
_cसंपादक प्रभात पाण्डेय
246 _aHindi Kavita:Azaadi ke baad
_bEd by Prabhat Pandey
260 _aकोलकाता
_bप्रतिध्वनि2002
_c2007
300 _a190पृ
_c22 सेमी (सजिल्द)
700 _aपाण्डेय, प्रभात
270 _bकोलकाता
_a31, सर हरिराम गोयनका स्ट्रीट
_e700007
942 _adpl
_cHN
_k821.08 / हिन्दीक
_2ddc
_h821.08
_mहिन्दीक
999 _c7282
_d7282